MARC details
| 000 -LEADER |
| fixed length control field |
01450cam a22003735a 4500 |
| 001 - CONTROL NUMBER |
| control field |
14488273 |
| 005 - DATE AND TIME OF LATEST TRANSACTION |
| control field |
20160216142638.0 |
| 008 - FIXED-LENGTH DATA ELEMENTS--GENERAL INFORMATION |
| fixed length control field |
060809s2016 enka frd f000 0 eng d |
| 010 ## - LIBRARY OF CONGRESS CONTROL NUMBER |
| LC control number |
2006025921 |
| 020 ## - INTERNATIONAL STANDARD BOOK NUMBER |
| International Standard Book Number |
9780194323475 |
| 020 ## - INTERNATIONAL STANDARD BOOK NUMBER |
| International Standard Book Number |
9780194323468 (online practice pack) |
| 020 ## - INTERNATIONAL STANDARD BOOK NUMBER |
| International Standard Book Number |
9780194323413 (student book as pack component) |
| 020 ## - INTERNATIONAL STANDARD BOOK NUMBER |
| International Standard Book Number |
9780194333917 (online) |
| 035 ## - SYSTEM CONTROL NUMBER |
| System control number |
(OCoLC)ocm71126659 |
| 040 ## - CATALOGING SOURCE |
| Original cataloging agency |
DLC |
| Language of cataloging |
eng |
| Transcribing agency |
DLC |
| Modifying agency |
YDX |
| -- |
BAKER |
| -- |
YDXCP |
| -- |
BTCTA |
| -- |
OCLCG |
| -- |
VP@ |
| -- |
DLC |
| -- |
EG-ScBUE |
| 082 04 - DEWEY DECIMAL CLASSIFICATION NUMBER |
| Classification number |
808.042076 |
| Item number |
SAV |
| Edition number |
22 |
| 100 1# - MAIN ENTRY--PERSONAL NAME |
| Personal name |
Savage, Alice |
| Dates associated with a name |
1962- |
| 9 (RLIN) |
27390 |
| 245 10 - TITLE STATEMENT |
| Title |
Effective academic writing. |
| Number of part/section of a work |
1, |
| Name of part/section of a work |
The paragraph / |
| Statement of responsibility, etc |
Alice Savage, Masoud Shafiei. |
| 250 ## - EDITION STATEMENT |
| Edition statement |
2nd ed. |
| 260 ## - PUBLICATION, DISTRIBUTION, ETC. (IMPRINT) |
| Place of publication, distribution, etc |
Oxford ; |
| -- |
New York : |
| Name of publisher, distributor, etc |
Oxford University Press, |
| Date of publication, distribution, etc |
2016. |
| 300 ## - PHYSICAL DESCRIPTION |
| Extent |
viii, 160 p. : |
| Other physical details |
ill. ; |
| Dimensions |
28 cm. |
| 500 ## - GENERAL NOTE |
| General note |
Includes appendix. |
| 500 ## - GENERAL NOTE |
| General note |
Includes glossary. |
| 500 ## - GENERAL NOTE |
| General note |
Includes Student online access code "www.effectiveacademicwriting.com" |
| 650 #0 - SUBJECT ADDED ENTRY--TOPICAL TERM |
| Topical term or geographic name as entry element |
English language |
| General subdivision |
Rhetoric |
| Form subdivision |
Problems, exercises, etc. |
| Source of heading or term |
BUEsh |
| 650 #0 - SUBJECT ADDED ENTRY--TOPICAL TERM |
| Topical term or geographic name as entry element |
English language |
| General subdivision |
Paragraphs |
| Form subdivision |
Problems, exercises, etc. |
| Source of heading or term |
BUEsh |
| 9 (RLIN) |
34104 |
| 650 #0 - SUBJECT ADDED ENTRY--TOPICAL TERM |
| Topical term or geographic name as entry element |
English language |
| Form subdivision |
Textbooks for foreign speakers. |
| Source of heading or term |
BUEsh |
| 650 #0 - SUBJECT ADDED ENTRY--TOPICAL TERM |
| Topical term or geographic name as entry element |
Academic writing |
| Form subdivision |
Problems, exercises, etc. |
| Source of heading or term |
BUEsh |
| 651 ## - SUBJECT ADDED ENTRY--GEOGRAPHIC NAME |
| Source of heading or term |
BUEsh |
| 653 ## - INDEX TERM--UNCONTROLLED |
| Resource For college |
|
| Arrived date list |
February2016 |
| 700 1# - ADDED ENTRY--PERSONAL NAME |
| Personal name |
Shafiei, Masoud. |
| 856 41 - ELECTRONIC LOCATION AND ACCESS |
| Materials specified |
Student online access |
| Uniform Resource Identifier |
<a href="www.effectiveacademicwriting.com">www.effectiveacademicwriting.com</a> |
| 942 ## - ADDED ENTRY ELEMENTS (KOHA) |
| Source of classification or shelving scheme |
Dewey Decimal Classification |